LIBRARY & INFORMATION CENTRE, KCAET, TAVANUR

ONLINE PUBLIC ACCESS CATALOGUE (OPAC)

Mannushyan enna yanthram (Record no. 441)

MARC details
000 -LEADER
fixed length control field 00382cam a2200169ua 4500
041 ## - LANGUAGE CODE
Language code of text/sound track or separate title mal
082 ## - DEWEY DECIMAL CLASSIFICATION NUMBER
Classification number 612
Item number BHA/MA
100 ## - MAIN ENTRY--AUTHOR NAME
Personal name Bhaskarapaniker, M A .
245 ## - TITLE STATEMENT
Title Mannushyan enna yanthram
260 ## - PUBLICATION, DISTRIBUTION, ETC. (IMPRINT)
Place of publication Thrissur :
Name of publisher Current Books ,
Year of publication 1690.
300 ## - PHYSICAL DESCRIPTION
Number of Pages 78 ; .
942 ## - ADDED ENTRY ELEMENTS (KOHA)
Koha item type Books
Holdings
Withdrawn status Lost status Damaged status Home library Current library Date acquired Full call number Accession Number Koha item type
Withdrawn     KAUAET Malayalam University 07/04/2012 612 1699 Books
free website counter